Największe państwa świata. - Statystyki

Ogólne statystyki
  • Ten quiz został rozwiązany 192 razy
  • Średni wynik to 9 z 10
Statystyki odpowiedzi
Powierzchnia Odpowiedz % Poprawnych
3. 9,6 mln km2 Chiny
100%
1. 17,1 mln km2 Rosja
100%
4. 9,5 mln km2 Stany Zjednoczone
99%
5. 8,5 mln km2 Brazylia
97%
2. 10 mln km2 Kanada
97%
7. 3,3 mln km2 Indie
90%
8. 2,8 mln km2 Argentyna
89%
6. 7,7 mln km2 Australia
84%
9. 2,7 mln km2 Kazachstan
71%
10. 2,4 mln km2 Algieria
66%
Nie znaleziono quizów pasujących do podanych kryteriów
Rozkład punktacji
Procent ludzi z każdym wynikiem
Percentyl według liczby udzielonych odpowiedzi
Twoja historia wyników
Nie rozwiązałeś tego quizu